Normal view
MARC view
Entry Topical Term
001 - CONTROL NUMBER
- control field: 2019
003 - CONTROL NUMBER IDENTIFIER
- control field: OSt
005 - DATE AND TIME OF LATEST TRANSACTION
- control field: 20141118131611.0
008 - FIXED-LENGTH DATA ELEMENTS
- fixed length control field: 141118|| aca||aabn | a|a d
040 ## - CATALOGING SOURCE
- Original cataloging agency: OSt
- Transcribing agency: OSt
150 ## - HEADING--TOPICAL TERM
- Topical term or geographic name entry element: Pediatrics
- Form subdivision: Examination Questions.
670 ## - SOURCE DATA FOUND
- Source citation: Work cat.: (OSt)757: Robertson, J. L. (James Lake) 2017, 250 questions for the MRCPCH Part 2 /, 2006.
